[Event "Provincial Individual Huesca"]
[Site "Sabiñánigo,Alcalá,Binéfar,Bin"]
[Date "2016.11.05"]
[Round "4.15"]
[White "Pano Ernesto"]
[Black "Buil Jose Antonio"]
[Result "1-0"]
[WhiteElo "1627"]
[BlackElo "1814"]

1.e4 c5 2.Nf3 e6 3.d3 a6 4.g3 Ne7 5.Bg2 Ng6 6.O-O Qc7 7.Re1 Nc6 8.c3 d6 9.h4
Be7 10.d4 b6 11.h5 Nf8 12.h6 gxh6 13.Bxh6 Bf6 14.d5 Ne5 15.Nxe5 dxe5 16.Bh3
Qd6 17.Qf3 exd5 18.Bxc8 dxe4 19.Qxe4 Rxc8 20.Nd2 Nd7 21.Nc4 Qc6 22.Qd3 Ke7 23.
Rad1 Rc7 24.f4 Rg8 25.Kf2 Rg6 26.fxe5 Bg5 27.Bxg5+ Rxg5 28.Qd6+ Ke8 29.Qxc6
Rxc6 30.Rd6 Rg6 $2 (30...Rxd6 31.exd6+ Kd8 32.Re7 Rf5+ 33.Ke3 Rf6) 31.e6 $1
Rf6+ 32.Kg2 Rxe6 33.Rexe6+ 1-0

[Event "Provincial Individual Huesca"]
[Site "Sabiñánigo,Alcalá,Binéfar,Bin"]
[Date "2016.11.05"]
[Round "4.16"]
[White "Sanclemente Angel"]
[Black "Amello Jonathan"]
[Result "0-1"]
[WhiteElo "1703"]
[BlackElo "1580"]

1.e4 c5 2.Nf3 e6 3.Nc3 a6 4.d4 cxd4 5.Nxd4 Qc7 6.a3 Nf6 7.Be3 b5 8.Be2 Bb7 9.
f3 Be7 10.Qd2 d6 11.Bd3 Nbd7 12.O-O Ne5 13.Rac1 O-O 14.Nce2 Rac8 15.Ng3 d5 16.
f4 Nc4 17.Bxc4 dxc4 18.e5 Ng4 19.c3 Rfd8 20.Qe2 Nxe3 21.Qxe3 Bc5 22.Nge2 Qc6
23.Qg3 Qe4 24.Kh1 Qd3 25.Rfd1 Qxg3 26.Nxg3 Rd7 27.Rd2 Rcd8 28.Rcd1 Kf8 29.Kg1
Ke7 30.Kf2 f6 31.Ke3 fxe5 32.fxe5 Rd5 33.Kf4 Rf8+ 34.Ndf5+ Ke8 35.Rxd5 Bxd5
36.Kg5 Rf7 37.Nh5 Rxf5+ 38.Kg4 Rf7 0-1

[Event "Provincial Individual Huesca"]
[Site "Sabiñánigo,Alcalá,Binéfar,Bin"]
[Date "2016.11.05"]
[Round "4.17"]
[White "Agustin Adrian"]
[Black "Torres Antonio"]
[Result "1-0"]
[WhiteElo "1691"]
[BlackElo "1469"]

1.e4 c5 2.Nc3 Nc6 3.g3 g6 4.Bg2 Bg7 5.d3 d6 6.Be3 e5 7.Qd2 Nge7 8.Nf3 O-O 9.
Bh6 Bg4 10.Bxg7 Kxg7 11.h3 Bxf3 12.Bxf3 Nd4 13.Bg2 Qb6 14.Rb1 Rac8 15.Ne2 c4
16.c3 Nxe2 17.Qxe2 cxd3 18.Qxd3 Rc6 19.O-O Qa6 20.Qxa6 Rxa6 21.a3 b5 22.Rfd1
Rb6 23.Rd2 a5 24.Bf1 b4 25.cxb4 axb4 26.a4 Rd8 27.Rbd1 f5 28.f3 Kf6 29.a5 Rb7
30.Rxd6+ Rxd6 31.Rxd6+ Kg5 32.a6 Ra7 33.Rb6 f4 34.g4 h5 35.Rxb4 Nc6 36.Rb6 Nd4
37.Rb7 Ra8 38.Kf2 Kh4 39.b3 g5 40.Rh7 1-0

[Event "Provincial Individual Huesca"]
[Site "Sabiñánigo,Alcalá,Binéfar,Bin"]
[Date "2016.11.05"]
[Round "4.18"]
[White "Pardina Martin"]
[Black "Garreta Maria"]
[Result "0-1"]
[WhiteElo "1543"]
[BlackElo "1681"]

1.e4 c6 2.d4 d5 3.Nc3 dxe4 4.Nxe4 Bf5 5.Ng3 Bg6 6.Bc4 e6 7.N1e2 Nf6 8.h4 h6 9.
Nf4 Bh7 10.O-O Bd6 11.Bxe6 Bxf4 12.Bxf7+ Kxf7 13.Bxf4 Re8 14.c4 Kg8 15.Nh5
Nxh5 16.Qxh5 Re4 17.Rfe1 Nd7 18.Rxe4 Nf6 19.Re8+ Qxe8 20.Qxe8+ Rxe8 21.Be5 Nd7
22.f4 c5 23.Kf2 cxd4 24.Bxd4 Re4 25.Rd1 Rxf4+ 26.Kg3 Rf7 27.b4 a6 28.Rd2 Nf6
29.Bxf6 Rxf6 30.Rd8+ Rf8 31.Rd7 Be4 32.Re7 Bc6 33.a4 Rf7 34.Rxf7 Kxf7 35.b5
axb5 36.cxb5 Bd7 37.Kf4 Ke6 38.Ke4 Kd6 39.Kd4 b6 40.g3 Be6 41.Kc3 Kc5 0-1

[Event "Provincial Individual Huesca"]
[Site "Sabiñánigo,Alcalá,Binéfar,Bin"]
[Date "2016.11.05"]
[Round "4.20"]
[White "Mauri Senen"]
[Black "Cabos Esteban"]
[Result "1-0"]
[WhiteElo "1499"]
[BlackElo "1497"]

1.b4 d5 2.Bb2 Nd7 3.Nf3 h6 4.e3 c6 5.c4 Qc7 6.Be2 e5 7.a3 b6 8.O-O Ngf6 9.Nc3
Be7 10.Rc1 Qb8 11.b5 Bb7 12.bxc6 Bxc6 13.cxd5 Bxd5 14.Nb5 Bd8 15.d4 (15.Rc8)
15...Bxf3 16.Bxf3 e4 17.Be2 Nd5 18.Qb3 N7f6 19.Bc4 Ng4 20.g3 Ne7 21.Bxf7+ Kf8
22.Bh5 Nf6 23.Qf7# 1-0

[Event "Provincial Individual Huesca"]
[Site "Sabiñánigo,Alcalá,Binéfar,Bin"]
[Date "2016.11.12"]
[Round "5.1"]
[White "Rodriguez Leiva Manuel"]
[Black "Lafarga David"]
[Result "0-1"]
[WhiteElo "1957"]
[BlackElo "2203"]

1.c4 e5 2.Nc3 Nc6 3.g3 f5 4.Bg2 Nf6 5.d3 Bb4 6.Nf3 Bxc3+ 7.bxc3 O-O 8.O-O d6
9.Bg5 $5 {una buena idea cambiar el ¤, clave para el potencial ataque negro}
9...Qe8 10.Bxf6 Rxf6 11.e3 Rb8 12.Ne1 (12.Nd2 Bd7 13.f4 b6) 12...f4 (12...e4
$5 13.dxe4 fxe4 14.Qd5+ Be6 15.Qxe4 Qf7 {era la otra opción que consideré, también interesante})
13.e4 $6 (13.exf4 exf4 14.d4 fxg3 15.hxg3 Qg6) 13...Be6 14.g4 g5 15.f3 Kg7 16.
Kf2 Qf7 17.a4 b6 18.Rh1 h5 19.h3 (19.h4 gxh4 20.g5 (20.Rxh4 Rh8 21.g5 Rg6)
20...Rg6) 19...Rh8 20.Nc2 hxg4 21.hxg4 Rxh1 22.Bxh1 Rh6 23.Bg2 Qg8 (23...a5)
24.Qe2 Na5 25.Rg1 Qe8 26.Ra1 c5 $1 {controlado todo el contrajuego blanco es cuestión de ganar tiempo, mejorar las piezas para la incursión en el flanco de ¢}
27.Ne1 Rh2 28.Kg1 Rh8 29.Qb2 Bd7 30.Qa2 Qg8 31.Qf2 Kf6 32.Ra3 Qc8 33.Ra2 Qc6
34.Qc2 Qc7 35.Ra3 Bc6 36.Kf1 Qd7 37.Kg1 Ke7 38.Ra2 Qe6 39.Ra1 Kd8 40.Ra2 Kc7
41.Ra1 Kb8 42.Ra2 Bd7 43.Ra1 Qe8 44.Ra2 Qc8 45.Qe2 Ka8 46.Qc2 Qc7 47.Ra3 Be8
48.Ra2 Qh7 49.Ra3 Bd7 50.Qe2 Be6 51.Qa2 Qh2+ 52.Kf1 Qg3 53.Qf2 Qh2 ({ jugar el final también era posible}
53...Qxf2+ 54.Kxf2 Kb7) 54.Qg1 Qh4 (54...Nxc4 $4 55.Qxh2 Ne3+ 56.Kg1) 55.Qf2
Qh7 56.Kg1 Qh2+ 57.Kf1 Nxc4 $1 58.Ra1 (58.dxc4 Bxc4+ 59.Nd3 Bxd3+ 60.Ke1 Bc4
61.Kd2 (61.Ra1 Qh1+ $1 62.Bxh1 Rxh1+) 61...Rh3) 58...Ne3+ 59.Ke2 Qh7 60.Kd2
Qb7 61.Nc2 Nxc2 62.Kxc2 b5 63.Rb1 Qa6 $1 64.axb5 Qa2+ 65.Rb2 Bb3+ 66.Kc1 Qa1+
0-1

[Event "Provincial Individual Huesca"]
[Site "Sabiñánigo,Alcalá,Binéfar,Bin"]
[Date "2016.11.12"]
[Round "5.2"]
[White "Guetas Hugo"]
[Black "Hidalgo Andres"]
[Result "1-0"]
[WhiteElo "2157"]
[BlackElo "1687"]

1.e4 c5 2.Nf3 e6 3.d4 cxd4 4.c3 d3 5.Bxd3 Nc6 6.O-O Qc7 7.c4 Nf6 8.Nc3 a6 9.a3
Be7 10.h3 O-O 11.Qe2 d6 12.Bf4 e5 $2 (12...b6) 13.Be3 Be6 14.Rac1 Qd7 15.Rfd1
Rfd8 16.c5 (16.Nd5 {era más sencilla}) 16...dxc5 17.Bb5 Qc7 18.Bxc6 bxc6 (
18...Rxd1+ 19.Rxd1 bxc6) 19.Rxd8+ Rxd8 20.Qxa6 Rb8 21.Rc2 Bb3 22.Rd2 Be6 23.
Qf1 h6 24.Nh4 Nd7 25.Nf5 Bxf5 (25...Bf8) 26.exf5 Nb6 27.Ne4 Na4 (27...Nd5) 28.
f6 $1 Bxf6 29.Nxf6+ gxf6 30.Qd1 Nxb2 31.Qg4+ Kf8 32.Bxc5+ 1-0

[Event "Provincial Individual Huesca"]
[Site "Sabiñánigo,Alcalá,Binéfar,Bin"]
[Date "2016.11.12"]
[Round "5.3"]
[White "Escartin Jose"]
[Black "Aribau Miguel Angel"]
[Result "1/2-1/2"]
[WhiteElo "1785"]
[BlackElo "2052"]

1.d4 e6 2.Nf3 f5 3.d5 Bd6 4.e3 Nf6 5.dxe6 dxe6 6.Bc4 Nc6 7.O-O O-O 8.Qe2 Qe7
9.Nc3 Na5 10.e4 Nxc4 11.Qxc4 fxe4 12.Nxe4 Bd7 13.Re1 (13.Bg5) 13...Nxe4 14.
Rxe4 Qf7 15.Be3 h6 16.Ne5 Bxe5 17.Rxe5 Qf6 18.Re4 Qf5 (18...Qxb2 19.Bd4 Qb5
20.Qxc7 Rac8 21.Qg3) 19.Rf4 Qe5 20.Qd4 Qxd4 21.Rxd4 Bc6 22.Bf4 Rf7 23.Re1 Bd5
24.Bg3 c5 25.Ra4 b5 26.Ra5 Rb7 27.b3 (27.Be5) 27...Rc8 28.a4 c4 29.axb5 cxb3
30.cxb3 Rc5 31.Rea1 Bxb3 32.h3 1/2-1/2

[Event "Provincial Individual Huesca"]
[Site "Sabiñánigo,Alcalá,Binéfar,Bin"]
[Date "2016.11.12"]
[Round "5.4"]
[White "Alsina Sergio"]
[Black "Pellicer Jose Luis"]
[Result "0-1"]
[WhiteElo "1881"]
[BlackElo "1969"]

1.e4 e6 2.d4 d5 3.exd5 exd5 4.c4 Nc6 5.Be3 Nf6 6.Nc3 Bb4 7.a3 Bxc3+ 8.bxc3 O-O
9.Bd3 dxc4 10.Bxc4 Nd5 11.Bd2 Bf5 12.Ne2 Nb6 13.Ba2 Na5 14.O-O Nac4 15.Bc1 Qd6
16.Ng3 Bg6 17.f4 f5 18.Qd3 Qc6 19.Rb1 Kh8 20.Rb4 Nd6 (20...Bf7 $1 {Stockfish}
21.Nxf5 Bg6) 21.d5 Qe8 22.c4 Nd7 23.Be3 b6 24.Rbb1 Nf6 25.Bd4 Qd7 26.Rbe1 Nde4
27.Be5 Rae8 28.Ne2 Ng4 29.Bd4 Qd6 30.Nc3 (30.Ng3) 30...Qxa3 31.Bb1 Nxc3 32.
Bxc3 Qc5+ 33.Bd4 Qd6 34.h3 Nf6 35.Be5 Qb4 36.Bc3 Qd6 37.Be5 Qd7 {jugando a ganar}
(37...Qc5+) 38.Qa3 a5 39.Bc2 Ne4 40.Ba4 Qe7 41.Bxe8 $4 (41.Qxe7 Rxe7 42.d6 $1)
41...Qxa3 42.Bxg6 hxg6 43.Bxc7 0-1

[Event "Provincial Individual Huesca"]
[Site "Sabiñánigo,Alcalá,Binéfar,Bin"]
[Date "2016.11.12"]
[Round "5.5"]
[White "Buisan Pedro"]
[Black "Citoler Adriano"]
[Result "0-1"]
[WhiteElo "1745"]
[BlackElo "1898"]

1.d4 Nf6 2.Nf3 g6 3.Bf4 Bg7 4.e3 O-O 5.Be2 d6 6.O-O Nfd7 7.h3 e5 8.Bh2 Nc6 9.
c3 Qe7 10.Re1 Kh8 11.d5 Nd8 12.e4 f5 13.Nbd2 Nf7 14.Qc2 Ng5 15.Nxg5 Qxg5 16.b4
(16.exf5 gxf5 17.f4 $5) 16...Nf6 17.Bd3 $2 {momento crítico} 17...fxe4 18.Nxe4
Nxe4 19.Bxe4 Bxh3 20.c4 Bf5 21.c5 Rac8 22.Rac1 Bh6 23.Bxf5 Qxf5 24.Qxf5 gxf5
25.Rc4 b5 26.Rc2 Kg7 27.Ra1 Kg6 28.a4 bxa4 29.Rxa4 Rb8 30.cxd6 cxd6 31.Rc6 Rf6
32.Rc4 Rb7 33.Kf1 f4 34.f3 Kf5 35.Bg1 Rff7 36.Ra6 Bf8 37.Bf2 h5 38.Kg1 Rb5 39.
Rxa7 Rxa7 40.Bxa7 Rxd5 41.Rc8 Be7 42.Rb8 Rd1+ 43.Kh2 d5 44.b5 e4 45.fxe4+ dxe4
46.Rc8 Bd6 47.Re8 f3+ 48.g3 h4 49.Rg8 hxg3+ 50.Rxg3 Rb1 51.Be3 Bxg3+ 52.Kxg3
Rxb5 53.Ba7 Rb2 54.Be3 Rg2+ 55.Kh3 Ke5 0-1

[Event "Provincial Individual Huesca"]
[Site "Sabiñánigo,Alcalá,Binéfar,Bin"]
[Date "2016.11.12"]
[Round "5.6"]
[White "Vinuales Jose Antonio"]
[Black "Fuentes Juan Antonio"]
[Result "0-1"]
[WhiteElo "1724"]
[BlackElo "1987"]

1.b3 d5 2.Bb2 Nc6 3.Nf3 Bf5 4.e3 e6 5.c4 Nb4 6.d3 dxc4 7.e4 cxd3 $1 8.exf5
Nc2+ (8...Qd5 $3 9.Qd2 (9.Na3 Qe4+ 10.Kd2 Qf4+ 11.Ke1 Nf6 12.fxe6 O-O-O) 9...
Nc2+ 10.Kd1 O-O-O 11.fxe6 Nf6 $1) 9.Kd2 Nf6 10.Nc3 (10.Bxd3 Nxa1 11.Bxa1 Bb4+
12.Kc1 exf5 13.Qe2+ Qe7 14.Qxe7+ Kxe7 15.Bxf5) 10...Bb4 $1 11.Bxd3 Nxa1 12.Re1
Qd6 13.Bxa1 O-O-O 14.Kc2 Qc5 15.Re5 Rd5 16.Qe2 Rhd8 (16...Ng4 17.Rxd5 exd5)
17.Bc4 $1 Rxe5 18.Nxe5 exf5 19.Na4 (19.Nd3 $1) 19...Qe7 20.Bc3 Ne4 21.Bxb4 (
21.Nxf7 $1 Re8) 21...Qxb4 22.Nd3 Qa5 (22...Qa3) 23.Bxf7 Kb8 24.f3 Nd6 25.Qe5 (
25.Qe7 Nxf7 26.Qxf7) 25...Qa6 26.Ndc5 Qf1 $1 27.Qxg7 $2 Qe2+ 28.Kc3 Nb5+ 29.
Kb4 Qd2+ 30.Nc3 (30.Kxb5 c6+ 31.Kc4 b5#) 30...Nxc3 31.Na6+ bxa6 32.Qxc3 Rd4+
33.Bc4 a5+ 0-1

[Event "Provincial Individual Huesca"]
[Site "Sabiñánigo,Alcalá,Binéfar,Bin"]
[Date "2016.11.12"]
[Round "5.7"]
[White "Martinez Carnicer Eduardo"]
[Black "Chesa Aurelio"]
[Result "1/2-1/2"]
[WhiteElo "1847"]
[BlackElo "1747"]

1.e4 c5 2.Nf3 d6 3.d4 cxd4 4.Nxd4 Nf6 5.Nc3 g6 6.Be3 Bg7 7.f3 O-O 8.Qd2 Nc6 9.
Bc4 Bd7 10.O-O-O Rc8 11.Bb3 Nxd4 12.Bxd4 b5 13.Nd5 Nxd5 14.Bxg7 Kxg7 15.Bxd5
Kg8 (15...a5) (15...Qb6) 16.h4 Be6 17.h5 Bxd5 18.Qxd5 Rc5 19.Qd2 Qc7 20.hxg6
fxg6 21.Kb1 Rc8 22.Rc1 a5 23.Qh6 e6 24.Qd2 d5 25.exd5 exd5 26.Rhe1 b4 27.Re2
Rd8 28.Qd4 Rc4 29.Qf6 Rf8 30.Qe6+ Qf7 31.Qd6 Rfc8 32.Rd1 (32.Re7) 32...Qf5 33.
Qxd5+ Qxd5 34.Rxd5 R4c5 35.Red2 Re8 36.R5d4 Re7 37.Kc1 Re1+ 38.Rd1 Re2 39.R4d2
Re7 40.Rd8+ Kf7 41.R8d7 Ke6 42.R1d6+ Kf7 43.Kd2 Re5 44.Rxe7+ Kxe7 45.Rd3 Kf6
46.c4 h5 47.b3 $2 (47.Rd6+) 47...Rg5 48.Ke3 Rxg2 49.Rd6+ Ke7 50.c5 h4 51.f4 h3
52.Kf3 Rg1 53.Rd2 g5 54.fxg5 Rxg5 55.c6 Rc5 56.Rd7+ Ke8 57.Ra7 Rxc6 58.Rxa5
Rh6 59.Re5+ Kd7 60.Re1 Rg6 61.Rh1 Rg2 62.Rxh3 Rxa2 63.Ke4 Rc2 64.Kd4 Kc6 65.
Rh6+ Kb5 66.Rh5+ Kb6 67.Rh6+ Kc7 68.Rh7+ 1/2-1/2

[Event "Provincial Individual Huesca"]
[Site "Sabiñánigo,Alcalá,Binéfar,Bin"]
[Date "2016.11.12"]
[Round "5.8"]
[White "Gimenez Alfonso"]
[Black "Barranco Fernando"]
[Result "1/2-1/2"]
[WhiteElo "1676"]
[BlackElo "1759"]

1.f4 d5 2.e3 Nf6 3.Nf3 g6 4.c4 Bg7 5.Nc3 O-O 6.Be2 Nc6 7.d4 b6 8.O-O Bb7 9.a3
e6 10.b4 dxc4 11.Bxc4 Ne7 12.Bb2 Nf5 13.Qe2 Nd5 14.Nxd5 exd5 15.Bd3 Nd6 16.
Rac1 Re8 17.b5 f6 18.Rfe1 Re7 19.a4 Bf8 20.Ba3 Rd7 21.Qc2 Rc8 22.g4 c6 23.Qa2
Kg7 24.Re2 cxb5 25.Rxc8 Qxc8 26.Bxd6 Bxd6 27.axb5 Bb8 28.h3 Re7 29.Kg2 Qc3 30.
Qd2 Qa3 31.g5 fxg5 32.Nxg5 a6 33.Nf3 axb5 34.Bxb5 Qb3 35.Bd3 Bd6 36.Ne5 Bb4 (
36...Rc7) 37.Qc2 Qa3 38.Qb2 (38.Bxg6 $1) 38...Qa5 39.Rc2 Bd6 40.Kf3 Bxe5 41.
dxe5 d4+ 42.e4 Qa4 43.Rc4 Qd1+ 44.Be2 $2 (44.Qe2) 44...Qh1+ 45.Kf2 Qxe4 (45...
Qh2+) 46.Qxd4 Qg2+ 47.Ke1 Qh1+ 48.Kd2 Qxh3 49.Qd6 Qd7 50.Rd4 Qxd6 51.exd6 Rd7
52.Bb5 Rd8 53.d7 Kf7 54.Rd6 Ke7 55.Rxb6 Bc8 56.Ke3 Bxd7 57.Rb7 Kd6 58.Bxd7
Rxd7 59.Rb6+ Kd5 60.Rf6 Ra7 61.Kf3 Re7 62.Kg4 Rg7 63.Kg5 Re7 64.Kh6 1/2-1/2

[Event "Provincial Individual Huesca"]
[Site "Sabiñánigo,Alcalá,Binéfar,Bin"]
[Date "2016.11.12"]
[Round "5.9"]
[White "Rodriguez Avellanas Jose Manuel"]
[Black "Mendoza Pedro"]
[Result "1-0"]
[WhiteElo "1731"]
[BlackElo "1570"]

1.c4 c5 2.Nc3 Nc6 3.g3 e6 4.Bg2 Nge7 5.d3 d5 6.e3 dxc4 7.dxc4 Qxd1+ 8.Kxd1 a6
9.a3 Bd7 10.b3 O-O-O 11.Kc2 Ng6 12.Bb2 Nce5 13.h3 Bc6 14.Bxc6 Nxc6 15.Nf3 f6
16.Rad1 Be7 17.g4 Nce5 18.Nxe5 Nxe5 19.Ne4 Nf7 20.Bc3 Kc7 21.f4 Rhg8 22.b4
cxb4 23.axb4 Rxd1 24.Rxd1 Rd8 25.Rxd8 Kxd8 26.Kb3 Kc7 27.c5 Kc6 28.Kc4 Bd8 29.
Nd2 Bc7 30.Nb3 b5+ 31.cxb6 Nd6+ 32.Kd3 Bxb6 33.Bd4 Nc8 (33...Bxd4 34.Kxd4 Nb7)
34.Bxb6 Nxb6 35.Nd4+ Kd6 36.f5 e5 37.Ne6 g6 38.fxg6 $1 hxg6 39.Nc5 a5 40.Nb7+
Kc6 41.Nxa5+ Kb5 42.h4 Kxb4 43.Nc6+ Kc5 44.Ne7 Kd6 45.Nxg6 Ke6 46.Ke4 Kf7 47.
h5 Kg7 48.Ne7 Nc4 {tiempo} 1-0

[Event "Provincial Individual Huesca"]
[Site "Sabiñánigo,Alcalá,Binéfar,Bin"]
[Date "2016.11.12"]
[Round "5.10"]
[White "Garreta Blas"]
[Black "Pano Ernesto"]
[Result "1-0"]
[WhiteElo "1820"]
[BlackElo "1627"]

1.d4 Nf6 2.c4 c5 3.e3 e6 4.Nc3 d5 5.Nf3 Be7 6.Be2 O-O 7.O-O Nbd7 (7...dxc4 8.
Bxc4 cxd4 (8...a6) 9.exd4 Nc6) 8.cxd5 exd5 9.b3 Nb6 10.dxc5 Bxc5 11.Bb2 Ne4
12.Qc2 Ng5 13.Rfd1 Bg4 14.Ne5 Bxe2 15.Qxe2 f6 16.Nf3 Qd7 17.Nxg5 fxg5 18.Nxd5
$1 Nxd5 19.Qc4 Bxe3 20.fxe3 Rac8 21.Qxd5+ Qxd5 22.Rxd5 Rc2 23.Ba3 Rff2 24.Rd8+
Kf7 25.Rf8+ 1-0

[Event "Provincial Individual Huesca"]
[Site "Sabiñánigo,Alcalá,Binéfar,Bin"]
[Date "2016.11.12"]
[Round "5.11"]
[White "Salas Jose"]
[Black "Buisac Pablo"]
[Result "1/2-1/2"]
[WhiteElo "1790"]
[BlackElo "1485"]

1.c4 c6 2.e4 d5 3.cxd5 cxd5 4.exd5 Qxd5 5.Nc3 Qd8 6.Nf3 Nf6 7.Bc4 Nc6 8.O-O e6
9.d4 Be7 10.Bf4 a6 11.Re1 O-O 12.Rc1 b5 13.Bb3 Bb7 14.a3 Rc8 15.d5 exd5 16.
Nxd5 Nxd5 17.Bxd5 Bf6 18.Rc2 Na5 19.Rd2 Qb6 20.Bxb7 Nxb7 21.Ne5 Rfd8 22.Nd7
Qc6 23.Nxf6+ Qxf6 24.Be5 Qb6 (24...Rxd2 25.Qxd2 Qf5) 25.h3 Na5 26.Bd4 Qc7 27.
Qf3 Nc4 28.Rde2 $1 f6 29.Qg4 (29.Bxf6 gxf6 30.Re7) 29...Qd7 30.Qxd7 Rxd7 31.
Bc3 Kf7 32.Re6 Nxa3 33.Rxa6 Nc4 34.b3 Nd6 35.Bb4 Ne8 36.Rb6 Nc7 37.Rb7 Rcd8
38.Ba5 Ne6 39.Rxb5 Ra8 40.Bb4 Nd4 41.Rh5 h6 42.Re3 Rb8 43.Bc5 Nxb3 44.Ba3
1/2-1/2

[Event "Provincial Individual Huesca"]
[Site "Sabiñánigo,Alcalá,Binéfar,Bin"]
[Date "2016.11.12"]
[Round "5.12"]
[White "Amello Jonathan"]
[Black "Ocabo Pedro"]
[Result "0-1"]
[WhiteElo "1580"]
[BlackElo "1785"]

1.e4 d6 2.d4 g6 3.Bc4 Bg7 4.Nf3 Nf6 5.Qe2 O-O 6.O-O Nc6 7.c3 h6 8.e5 Ne8 9.e6
(9.Rd1) 9...fxe6 10.Bxe6+ Kh7 11.d5 (11.Bxc8 Qxc8 12.d5) 11...Ne5 12.Nxe5 Bxe5
13.Qe3 Bf4 14.Qh3 Bxc1 15.Rxc1 Bxe6 16.Qxe6 Ng7 17.Qe4 Qd7 18.Nd2 e5 19.dxe6
Nxe6 20.Re1 Rae8 21.Qxb7 Rb8 22.Qxa7 Rxb2 23.Qe3 Ng7 24.Reb1 (24.a4) 24...Qb5
25.Nb3 Re8 26.Qc1 Rxb1 27.Rxb1 Qe5 28.Qd2 Nh5 29.Nd4 Nf4 30.Kf1 $2 Nxg2 $1 31.
Kxg2 Qe4+ 32.Kg1 Qxb1+ 33.Kg2 Qe4+ 34.Kg1 Re5 0-1

[Event "Provincial Individual Huesca"]
[Site "Sabiñánigo,Alcalá,Binéfar,Bin"]
[Date "2016.11.12"]
[Round "5.13"]
[White "Rodriguez Alegre Oscar"]
[Black "Agustin Adrian"]
[Result "0-1"]
[WhiteElo "1549"]
[BlackElo "1691"]

1.d4 Nf6 2.g3 g6 3.Bg2 d5 4.c3 Bg7 5.Nf3 O-O 6.O-O Nbd7 7.Nbd2 e6 8.Re1 c5 9.
e3 Rb8 10.b3 a6 11.Ba3 Qc7 12.Bf1 Re8 13.Qc1 b6 14.Rb1 Bb7 15.Bg2 e5 16.dxe5
Nxe5 17.Nxe5 Qxe5 18.Bb2 Rbd8 19.Nf3 Qc7 20.Nd2 Ng4 21.Qd1 Ne5 22.Nf3 Nc6 23.
Qc1 Qe7 24.a3 Na5 25.Ba1 b5 26.Nd2 c4 27.b4 Nc6 28.Nf3 Ne5 29.Nxe5 Qxe5 30.Qc2
f5 31.Qd2 (31.a4) 31...Rd6 32.Rbd1 Red8 33.Qc2 Kf7 34.a4 h6 35.Bb2 Qe7 36.Kf1
Qc7 37.axb5 axb5 38.Ra1 Ra8 39.Ra3 Rxa3 40.Bxa3 Ra6 41.Bb2 Qe5 42.f4 Qe6 43.
Kf2 Qb6 44.Rd1 Ke6 45.g4 $1 Qd8 46.gxf5+ gxf5 47.Kg3 (47.Bf3) 47...Bf6 48.Bh3
$2 Qg8+ 49.Kf2 Bh4+ 50.Ke2 Qf7 51.Bg2 (51.Kd2) 51...Ra8 52.Bf3 Rd8 53.Ra1 d4
$1 54.Qd1 Bxf3+ 55.Kxf3 Qb7+ 56.Ke2 Qg2# 0-1

[Event "Provincial Individual Huesca"]
[Site "Sabiñánigo,Alcalá,Binéfar,Bin"]
[Date "2016.11.12"]
[Round "5.14"]
[White "Garreta Maria"]
[Black "Arrieta Steven"]
[Result "1-0"]
[WhiteElo "1681"]
[BlackElo "1579"]

1.d4 d5 2.Nf3 c6 3.Bf4 e6 4.e3 Nd7 5.Nbd2 Ngf6 6.Bd3 Be7 7.O-O b6 8.c4 O-O 9.
Rc1 Bb7 10.a3 Nh5 11.Bg3 Nxg3 12.hxg3 f5 13.b4 Nf6 (13...a5 $5) 14.Ne5 Rc8 15.
Qa4 $1 a6 16.cxd5 b5 17.Qd1 cxd5 18.Nb3 Qb6 19.Nc5 Bxc5 20.Rxc5 Rxc5 21.bxc5
Qc7 22.Qb3 Bc6 23.Rb1 Ne4 24.Bxe4 fxe4 25.Qb4 a5 26.Qc3 Ra8 27.Qb3 Rb8 28.Qd1
Rf8 29.Qe1 Ra8 30.Qe2 Rb8 31.Qg4 Re8 32.Qf4 Rf8 33.Qg4 Re8 34.Kh1 Kh8 35.Qf4
Rc8 36.Nxc6 Qxc6 37.Qd6 Qe8 38.Qb6 Rb8 39.Qxa5 Qh5+ 40.Kg1 Qe2 41.Qb4 Rf8 42.
Qb2 Qd3 43.Qxb5 Qxa3 44.Qd7 Qd3 45.Rf1 Qa6 46.c6 Qc8 47.Rb1 h6 48.Rb7 Rg8 49.
Qc7 Qa8 50.Ra7 Qe8 51.Qd6 Qh5 52.Ra1 Qf7 53.c7 Rf8 54.Rf1 Kh7 55.Qc6 Rc8 56.
Rc1 Qe7 57.Qb7 Qd7 58.Rc6 Kg6 59.Rd6 Qxc7 60.Qxc7 Rxc7 61.Rxe6+ Kf7 62.Rd6
Rc1+ 63.Kh2 Rf1 64.Rxd5 Rxf2 65.Re5 Kf6 66.Rxe4 g5 67.g4 Rd2 68.Kg3 Rd3 69.Kf3
Rd1 70.Re8 Kf7 71.Ra8 Rd2 72.Ra6 Kg7 73.g3 Rd1 74.Ra2 Rf1+ 75.Rf2 Rd1 76.Ke4
Ra1 77.Ke5 Ra3 78.Rf3 Ra4 79.e4 Ra8 80.d5 Re8+ 81.Kd4 Kg6 82.d6 1-0

[Event "Provincial Individual Huesca"]
[Site "Sabiñánigo,Alcalá,Binéfar,Bin"]
[Date "2016.11.12"]
[Round "5.15"]
[White "Miret Cesar"]
[Black "Sorinas Ramon"]
[Result "0-1"]
[WhiteElo "1569"]
[BlackElo "1537"]

1.d4 Nf6 2.Nf3 d5 3.Bf4 e6 4.e3 c5 5.c3 c4 6.Nbd2 Be7 7.Be2 O-O 8.O-O Nc6 9.b3
cxb3 10.axb3 Nh5 11.Be5 f6 12.Ne1 fxe5 13.Bxh5 exd4 14.exd4 b6 (14...Bf6) 15.
Nc2 e5 16.dxe5 Nxe5 17.Nf3 Bg4 18.Bxg4 Nxg4 19.h3 Nf6 20.Ncd4 Qd6 21.Nf5 Qd7
22.Qd3 Rad8 23.Rfe1 Ne4 24.Nxe7+ Qxe7 25.c4 Qb7 26.cxd5 Nf6 27.d6 Rd7 (27...
Qd5) 28.Ne5 Rdd8 29.Qc4+ Kh8 30.Qc7 Qxc7 31.dxc7 Ra8 32.Nc6 (32.Red1) 32...Nd5
33.Rxa7 Rxa7 34.Nxa7 Nxc7 35.Re7 Nd5 36.Rd7 Nc3 37.Rd6 b5 38.Rb6 Ne2+ 39.Kf1
Nd4 40.Nxb5 Nxb3 41.Nc7 Nc1 42.Ne6 Re8 43.Rb7 Nd3 44.g3 g6 45.Ng5 Rf8 46.f3 h5
47.Ke2 Nc5 48.Rb6 Kg7 49.Rc6 Re8+ 50.Kd1 Nd3 51.Ne6+ Kh6 52.Kd2 Ne5 53.Rb6 $4
Nc4+ 54.Kd3 Nxb6 55.Nf4 Rd8+ 56.Ke4 Re8+ 57.Kd3 g5 58.Ne2 Nd5 59.Ng1 Nb4+ 60.
Kd2 Nd5 61.Ne2 Rd8 62.Ke1 Re8 63.Kf2 Ne3 64.Nc3 g4 65.hxg4 hxg4 66.Ne4 Nd1+
67.Ke2 Nc3+ 68.Kd3 Nxe4 69.fxe4 Kg5 70.Kd4 Kf6 71.Kd5 Rd8+ 0-1

[Event "Provincial Individual Huesca"]
[Site "Sabiñánigo,Alcalá,Binéfar,Bin"]
[Date "2016.11.12"]
[Round "5.16"]
[White "Barbe Saturnino"]
[Black "Puertolas Arturo"]
[Result "0-1"]
[WhiteElo "1638"]
[BlackElo "1870"]

1.d4 d5 2.c4 c6 3.Nc3 e6 4.Nf3 f5 5.Bf4 Nf6 6.e3 Be7 7.c5 O-O 8.b4 Ne4 9.Rc1
Nd7 10.Qa4 Ndf6 11.b5 Nxc3 12.Rxc3 Ne4 13.Rc2 Bd7 14.Ne5 cxb5 15.Bxb5 Bxb5 16.
Qxb5 g5 17.f3 (17.Bg3) 17...gxf4 18.fxe4 Bh4+ (18...fxe4) 19.g3 fxe4 20.gxh4
Qxh4+ 21.Kf1 $4 (21.Kd1) 21...fxe3+ 22.Kg1 Rf2 $1 23.Qf1 Rxf1+ 24.Kxf1 Rf8+
25.Ke2 Rf2+ 26.Kd1 Rxc2 27.Rg1+ Kf8 0-1

[Event "Provincial Individual Huesca"]
[Site "Sabiñánigo,Alcalá,Binéfar,Bin"]
[Date "2016.11.12"]
[Round "5.17"]
[White "Buil Jose Antonio"]
[Black "Pardina Martin"]
[Result "0-1"]
[WhiteElo "1814"]
[BlackElo "1543"]

1.e4 d5 2.exd5 Nf6 3.c4 c6 4.dxc6 Nxc6 5.Nf3 e5 6.Nc3 Be7 7.Be2 (7.d3) 7...e4
8.Ng5 Bf5 9.g4 Bg6 10.Nh3 h6 11.Nf4 Bh7 12.Qa4 O-O 13.Nfd5 Ne5 14.h3 Nd3+ 15.
Bxd3 exd3 16.O-O Bc5 17.b4 Bd4 18.Rb1 Qd6 19.Kg2 Nxd5 $1 20.Nxd5 (20.cxd5 Bxc3
21.dxc3 d2 $1) 20...Be4+ 21.f3 Bxd5 22.cxd5 Rfe8 0-1

[Event "Provincial Individual Huesca"]
[Site "Sabiñánigo,Alcalá,Binéfar,Bin"]
[Date "2016.11.12"]
[Round "5.18"]
[White "Torres Antonio"]
[Black "Sanclemente Angel"]
[Result "0-1"]
[WhiteElo "1469"]
[BlackElo "1703"]

1.c4 c5 2.Nc3 Nf6 3.e4 e6 4.e5 Ng8 5.Nf3 Nc6 6.d3 a6 7.Be2 Nge7 8.Be3 Nf5 9.
Bf4 Nfd4 10.O-O Qc7 11.Ne4 Nxf3+ 12.Bxf3 Nxe5 13.Kh1 (13.d4 cxd4 14.Bh5) 13...
d6 14.Qe2 Nxf3 15.Qxf3 Be7 16.Rfe1 O-O 17.Qg3 f6 18.Re3 $2 e5 {la £ blanca tiene problemas}
19.Bh6 Rf7 20.Rf3 Qd8 21.Re1 b5 (21...f5 22.Nc3 f4) 22.Ng5 fxg5 0-1

[Event "Provincial Individual Huesca"]
[Site "Sabiñánigo,Alcalá,Binéfar,Bin"]
[Date "2016.11.12"]
[Round "5.19"]
[White "Torres David"]
[Black "Sanchez Lopez Alejandro"]
[Result "0-1"]
[WhiteElo "1461"]
[BlackElo "1583"]

1.d4 d5 2.e3 g6 3.c4 Bg7 4.Nc3 Nf6 5.Nf3 O-O 6.Bd3 Nc6 7.O-O Bg4 8.Be2 dxc4 9.
Qa4 Nd7 10.Qxc4 Nb6 11.Qb3 Be6 12.Qd1 Rc8 13.a4 Nd5 14.Bd2 Nb6 15.Ne4 Bc4 16.
b3 Bxe2 17.Qxe2 e5 18.dxe5 Nxe5 19.Nxe5 Bxe5 20.Rad1 Qd5 $1 21.Bb4 (21.Qf3
Qxb3 22.Nc5 Qa3 23.Nxb7 Qxa4) 21...Qxe4 22.Bxf8 Rxf8 23.Qd3 Qxd3 24.Rxd3 Bd6
25.Rfd1 f5 26.g3 Nd7 27.Rd5 Nf6 28.Rxd6 cxd6 29.Rxd6 Rf7 30.f3 Kg7 31.b4 Rd7
32.Re6 Kf7 33.Re5 Rd5 0-1